000 00759nam a22002297a 4500
005 20140310183634.0
008 131123b xxu||||| |||| 00| 0 eng d
020 _a9780415892612
050 _aRC 455.2.M38
_b.L948 2012
100 _aLuepkin, Ellen T.
245 _aRecord keeping in psychotherapy and counseling :
_bprotecting confidentiality and professional relationsip /
_cEllen T. Luepkin.
250 _a2nd ed.
260 _aNew York, NY :
_bRoutledge,
_c2012.
300 _axx, 306 p. :
_bill. ;
_c23 cm.
504 _aIncludes Index.
521 _aPSYCH
650 _aPsychiatric records.
650 _aPSYCHOLOGY / Psychotherapy / Counseling
650 _aPSYCHOLOGY / Applied Psychology
942 _2lcc
_cBK
_kFOR
999 _c25675
_d25675